Statistics for Fill the Royal Arms with British Monarchs

Click here to take the quiz!

General Stats

  • This quiz has been taken 1,090 times
    (1,054 since last reset)
  • The average score is 16 of 19

Answers on the Map

Answers color-coded by a green-red scale on the quiz's map according to % correct below.
 

Answer Stats

ReignMonarch% Correct
1952–2022Elizabeth II
100%
1625–1649Charles I
99%
1714–1727George I
97%
1837–1901Victoria
94%
1901–1910Edward VII
93%
2022–presentCharles III
91%
1660–1685Charles II
90%
1727–1760George II
88%
1760–1820George III
88%
1689–1702William III
88%
1910–1936George V
87%
1820–1830George IV
86%
1936–1952George VI
86%
1603–16251James VI and I
83%
1689–16942Mary II
83%
19364Edward VIII
79%
1702–17143Anne
78%
1685–1688James VII and II
68%
1830–1837William IV
68%

Score Distribution

Percentile by Number Answered

Percent of People with Each Score

Your Score History

You have not taken this quiz since the last reset